00682cam a2200217 i 450000100070000000500170000700800410002401000170006502000250008204000180010704100080012508000150013308200190014810000060016710100080017324500950018190600450027694200120032199900170033395201140035040866920180208093632.0800929s1981 nyua 000 0 eng  a 80000708  a0385159323 :c$10.95 aDLCcDLCdDLC aeng a797.21 KAT00a797.21 KAT2191 a8 aEKZ10aSwimming for total fitness :cby Jane Katz, with Nancy P. Bruning ; ill. by Phillip Jones. a7bcbccorignewdueocipf19gy-gencatlg 2ddccBK c42187d42187 00102udc40708PËKGa002b002cPËKGd2018-02-08l0o797.21 KATp002-2998909r2018-02-08w2018-02-08yBK